Responses for Show #7644 - Thursday, November 30, 2017

Contestants

[<< previous game]

Lisa Kristina, a freelance musician from Chicago Heights, Illinois

Lily Gebrenegus, an accounting manager from Seattle, Washington

Matt Preston, an assets protection leader from Harvest, Alabama (whose 2-day cash winnings total $25,998)

[next game >>]

Jeopardy! Round responses

BABY, YOU'RE A RICH MAN
HISTORICAL FICTION
NEW ENGLAND
SOME CHOICE WORDS
(Alex: We want you to name the league the franchise currently plays in...)
IN THEIR LEAGUE
"C" IN COOKING
    $200 26
Sam Walton

Matt
    $200 16
Gone With the Wind

Triple Stumper
    $200 21
Paul Revere

Lisa
    $200 11
selection

Matt
    $200 1
the NFL

Matt
    $200 6
carne

Lily
    $400 17
The Three Musketeers

Lily
    $400 22
the Narragansett

Triple Stumper
    $400 12
opt

Matt
    $400 2
(Lily: What is the NBA?)
(Matt: What is the MLB?)
(Alex: MLB? Be more specific.)
(Matt: Major League Baseball.)
(Alex: Be more specific.)

the National League

MattLily
    $400 7
Casaba

Lisa
    $600 18
The Son

Triple Stumper
    $600 23
(Alex: And we have less than a minute to go now.)

New Hampshire

Triple Stumper
    $600 13
(Matt: What is a ruling?)

a decision

MattLisa
    $600 3
the Canadian Football League (or CFL)

Matt
    $600 8
crudites

Lisa
    $800 28
[The end-of-round signal sounds.]

Marshall Field

Lisa
    $800 19
(Matt: What is Jamestown?)

the Massachusetts Bay Colony

Matt
Triple Stumper
    $800 24
(Winslow) Homer

Lisa
    $800 14
preferential

Triple Stumper
    $800 4
the Pac-12

Matt
    $800 9
crumbles

Lily
    $1000 27
(John D.) Rockefeller

Matt
    $1000 20
The Other Boleyn Girl

Lisa
    $1000 25
Captain John Smith

Triple Stumper
    $1,600 15
(Alex: Hurry.)
(Lisa: Oh...)

favoring

Lisa
    $1000 5
[Applause for Matt running the category]

the WNBA

Matt
    $1000 10
coconut

Triple Stumper

Scores at the first commercial break (after clue 15):

Matt Lily Lisa
$3,000 $600 $0

Scores at the end of the Jeopardy! Round:

Matt Lily Lisa
$3,400 $1,000 $2,800

Double Jeopardy! Round responses

JOHNNY GILBERT, TOUGH GUY
(Alex: You have to identify the movie Johnny is quoting.)
CEREMONIES
THE HUMAN BODY
"K"9
MOZART
IN THE JUNGLE
    $400 1
Glengarry Glen Ross

Lily
    $400 26
a commencement

Matt
    $400 16
testosterone

Lisa
    $400 6
a kilometer

Matt
    $400 8
"A Little Night Music"

Lisa
    $400 21
pygmies

Lily
    $800 2
There Will Be Blood

Triple Stumper
    $800 27
a christening

Matt
    $800 17
the pericardium

Triple Stumper
    $800 7
a kingmaker

Lisa
    $800 9
(Matt: Where is Vienna?)

Salzburg

MattLisa
    $800 22
a pith helmet

Lily
    $1200 3
Scarface

Matt
    $1200 28
Sirius

Lisa
    $1200 18
apnea

Lisa
    $1200 13
Kickboxer

Lily
    $1200 10
a minor key

Lisa
    $1200 23
(Lily: What is Australia?)

Indonesia

MattLily
    $1600 4
(Lily: What is 300?)

Conan the Barbarian

Lily
Triple Stumper
    $1,400 29
jump the broom

Lisa
    $1600 19
the medulla oblongata

Matt
    $1600 14
knowledge

Matt
    $2,000 11
The Marriage of Figaro

Lisa
    $1600 24
a rubber tree

Lisa
    $2000 5
Taken

Lily
    $2000 30
a Japanese tea ceremony

Lily
    $2000 20
(Matt: What is the thyroid?)
(Lily: What is the thalamus?)

the thymus gland

MattLily
Triple Stumper
    $2000 15
Kundalini

Lily
    $2000 12
Köchel

Lisa
    $2000 25
(Alex: Less than a minute now.)

birds

Triple Stumper

Scores at the end of the Double Jeopardy! Round:

Matt Lily Lisa
$7,800 $5,000 $15,800
(lock game)

[wagering suggestions for these scores]

Final Jeopardy! Round responses

WORLD FLAGS & THE BIBLE
(Alex: [To Lisa] You were thinking of the cedars of [*]?)
LilyWhat is steel?
$0
MattWhat is Ethiopia?
$2,201
LisaWhat is Lebanon?
$100
Lebanon

Final scores:

Matt Lily Lisa
$5,599 $5,000 $15,900
2nd place: $2,000 3rd place: $1,000 New champion: $15,900

Game dynamics:

Coryat scores:

Matt Lily Lisa
$7,800 $5,000 $17,200
16 R,
4 W
10 R,
4 W
18 R
(including 2 DDs),
1 W
(including 1 DD)

Combined Coryat: $30,000

[game clues] [game scores] [suggest correction]

Game tape date: 2017-08-23
The J! Archive is created by fans, for fans. Scraping, republication, monetization, and malicious use prohibited; this site may use cookies and collect identifying information. See terms. The Jeopardy! game show and all elements thereof, including but not limited to copyright and trademark thereto, are the property of Jeopardy Productions, Inc. and are protected under law. This website is not affiliated with, sponsored by, or operated by Jeopardy Productions, Inc. Join the discussion at JBoard.tv.